[Event "Paris Pro-Biz Cup 2018"]
[Site "Paris"]
[Date "2018.06.25"]
[Round "1.2"]
[White "Grischuk&Ros"]
[Black "Nakamura&Kosciusko-Morizet"]
[Result "1-0"]
[WhiteElo "2766"]
[BlackElo "2769"]
[Annotator "TA"]
[PlyCount "91"]
[EventDate "2018.06.23"]
[EventType "tourn"]
[EventCountry "FRA"]
[SourceTitle "playchess.com"]
[Source "ChessBase"]
[SourceQuality "1"]

{[%evp 11,91,67,100,72,273,268,359,371,372,357,312,268,564,485,593,421,452,406,410,331,487,472,609,414,428,437,440,441,430,443,718,728,945,961,959,962,930,935,879,800,790,779,875,739,810,675,665,617,901,755,722,708,848,761,876,741,1264,1299,1306,1208,1374,1374,5381,2037,29979,29980,29982,29982,29983,29984,29981,2527,29983,29982,29978,29976,29974,29977,29975,29978,29990,29991]} 1. e4 e5 2. Nf3 Nc6 3. d4 Nxd4 4. Nxd4 exd4 5. Qxd4 d6 6. Nc3 Qf6 7. Be3 {C45: Scotch Game} (7. Qb4 c6 8. Be3 d5 9. Qa4 dxe4 10. O-O-O Bd7 11. Be2 Qe6 12. Nxe4 b5 13. Qd4 Nf6 14. Nxf6+ gxf6 {0-1 (44) Tabor,J (2249)-Szlabey,G (2132) Hungary 2008}) 7... Be6 $2 {[#]} (7... Qxd4 $16 8. Bxd4 c6) 8. Qb4 $18 b6 9. Bb5+ {White is winning.} Bd7 10. Bxd7+ Kxd7 11. O-O-O $146 ({Much less strong is} 11. Nd5 Qe6 $18) ({Predecessor:} 11. Qb5+ c6 12. Qa6 Kc7 13. Bxb6+ Kb8 14. Be3 Ne7 15. O-O-O {1-0 (15) Kota,S (1326)-Van Lieshout,H (1394) IECC email 2001}) 11... Be7 $2 {[#]} (11... c6 {is a better defense.} 12. e5 Qxe5) 12. f4 {[%cal Bf2f4,Bf4f5][%mdl 32]} Nh6 13. h3 Rhc8 14. Rhe1 Ke8 15. g4 Qe6 (15... Qh4 {was worth a try.} 16. Nd5 (16. g5 Ng8 $18) 16... Kf8) 16. f5 ({Weaker is} 16. g5 Ng8 $18) 16... Qe5 17. Bd4 Qa5 18. Qxa5 Bg5+ 19. Kb1 bxa5 20. Bxg7 Rab8 (20... f6 $142 21. h4 Bf4) 21. e5 Ng8 22. exd6+ Kd7 23. dxc7+ Kxc7 24. Be5+ Kc6 25. Bxb8 Rxb8 26. Ne4 Be7 27. Rd3 Nf6 28. Nxf6 Bxf6 {[%mdl 4096] Endgame KRR-KRB} 29. Red1 Bg5 30. c3 Bf4 31. Rd7 f6 32. Rxa7 Be5 33. Kc2 Rb6 34. Rxa5 Bc7 35. Ra7 Bb8 36. Rxh7 Rb5 37. Rdd7 Re5 38. Rde7 Rd5 39. Rhf7 Be5 40. Re6+ Kc5 41. h4 (41. b4+ $142 Kc4 42. Rf8 Bxc3 43. Rc8+ Kxb4 44. Rxc3 Ra5 45. Rb6+ Ka4 46. Kb2) 41... Kc4 42. Rc6+ {White mates.} Kb5 43. Rc8 Kb6 44. h5 {[%cal Bh4h5,Bh5h6,Bh6h7][%mdl 32]} Bf4 45. h6 Rd6 46. h7 {Precision: White = 62%, Black = 29%.} 1-0

[Event "Paris Pro-Biz Cup 2018"]
[Site "Paris"]
[Date "2018.06.25"]
[Round "1.3"]
[White "So&Roussel"]
[Black "Karjakin&Schramm"]
[Result "1-0"]
[WhiteElo "2778"]
[BlackElo "2782"]
[Annotator "TA"]
[PlyCount "105"]
[EventDate "2018.06.23"]
[EventType "tourn"]
[EventCountry "FRA"]
[SourceTitle "playchess.com"]
[Source "ChessBase"]
[SourceQuality "1"]

{[%evp 12,104,36,28,28,31,34,15,40,30,37,0,260,246,439,441,446,418,632,632,796,564,547,566,549,558,545,517,581,578,573,570,554,567,569,556,503,310,431,433,452,454,491,408,386,370,437,428,595,583,666,657,808,795,791,739,728,556,691,556,580,0,546,510,531,456,445,0,535,541,690,689,685,684,930,766,1066,1061,981,976,943,925,724,657,573,0,1218,825,909,872,839,624,29986,29987,29999]} 1. e4 c6 2. d4 d5 3. Nc3 dxe4 4. Nxe4 Bf5 5. Bd3 e6 6. Nf3 Nd7 {B18: Classical Caro-Kann: 4...Bf5 sidelines} 7. O-O {LiveBook: 3 Games} Ngf6 (7... Qc7 8. c4 Rd8 9. g3 Bxe4 10. Bxe4 Ngf6 11. Bc2 Bd6 12. Qe2 O-O 13. c5 {½-½ (36) Hracek,Z (2594)-Dreev,A (2660) Sibenik 2016}) 8. Nxf6+ Qxf6 {White is slightly better.} 9. c3 $146 ({Predecessor:} 9. Bg5 Qg6 10. Bxf5 Qxf5 11. c4 Bd6 12. Qb3 Rb8 13. Rad1 O-O 14. Qd3 Qxd3 15. Rxd3 {½-½ (79) Nemcova,K (1992)-Gvanceladze,A (2302) Stary Smokovec 2018}) 9... Bg4 10. Be2 Bd6 11. h3 Bh5 $2 {[%mdl 8192] [#]} (11... Bf5 $11) 12. g4 $1 $18 Qg6 $2 (12... g5 13. gxh5 (13. Bxg5 Qg7 $16) 13... Qf5) 13. Bd3 f5 {and if ...Bxg4 works, Black does fine.} 14. Ng5 {[%cal Bf3g5,Bg5e6,Be6g7][%mdl 32]} Nf6 (14... O-O-O $142 15. gxh5 Qf6) 15. Re1 Nxg4 16. Rxe6+ Qxe6 17. Nxe6 Bh2+ 18. Kg2 Ne3+ 19. Kxh2 Nxd1 20. Nxg7+ Kf7 21. Nxh5 Nxf2 22. Bc4+ Kg6 23. Nf4+ Kf6 24. Nd3 Nxd3 25. Bxd3 Rhg8 26. Bf4 Raf8 27. Be5+ Ke7 28. Rf1 Rg5 29. h4 Rh5 30. Kh3 f4 31. Kg4 Rh6 32. Bxf4 Re6 33. Bg5+ Ke8 34. Bf5 Re4+ 35. Bf4 Re2 36. Bg5 $2 {[#]} (36. Bxh7 $18 Rxb2 37. h5) 36... Rf7 $2 {[%mdl 8192]} (36... Re4+ $1 $11 37. Kg3 Rf7 38. Bxe4 Rxf1 39. Bxh7 Kf7) 37. Kh5 Kf8 38. Bh6+ Ke7 39. Bg5+ Kf8 $1 40. b4 b5 41. a3 a6 42. Rf3 Kg7 43. Bg4 Re8 44. Bh6+ Kg8 45. Rxf7 Kxf7 46. Bd7 Re2 47. Bf5 Kg8 48. Bd7 $2 (48. Bg4 $18 Rc2 49. Be6+ Kh8 50. d5 cxd5 51. Be3) 48... Rc2 $2 {[%mdl 8192]} (48... Kf7 $11 49. Bxc6 Rc2) 49. Be6+ Kh8 50. d5 cxd5 51. Bxd5 Rxc3 52. Bf4 {[%cal Rf4e5]} Rd3 53. Be5# {Precision: White = 76%, Black = 35%.} 1-0

[Event "Paris Pro-Biz Cup 2018"]
[Site "Paris"]
[Date "2018.06.25"]
[Round "1.5"]
[White "Aronian&Staune"]
[Black "Anand&Mackart"]
[Result "1/2-1/2"]
[WhiteElo "2764"]
[BlackElo "2759"]
[Annotator "TA"]
[PlyCount "75"]
[EventDate "2018.06.23"]
[EventType "tourn"]
[EventCountry "FRA"]
[SourceTitle "playchess.com"]
[Source "ChessBase"]
[SourceQuality "1"]

{[%evp 15,75,9,16,6,9,-2,43,12,12,4,24,-38,33,0,-1,-15,15,13,17,12,23,7,0,0,291,281,450,181,174,151,225,153,142,151,150,115,208,202,204,155,220,121,245,241,228,243,238,243,236,168,154,-2,-10,-14,0,0,0,0,0,-18,0,-17]} 1. e4 c5 2. Nf3 Nc6 3. d4 cxd4 4. Nxd4 Nf6 5. Nc3 d6 6. Bg5 e6 7. Be2 Be7 8. O-O O-O {LiveBook: 32 Games} 9. a3 {B62: Sicilian: Richter-Rauzer: 6...e6: Unusual White 7th moves} (9. a4 h6 10. Be3 e5 11. Nb3 Be6 12. Bf3 Nb4 13. Qe2 Qc8 14. Rfd1 Rd8 15. Rac1 Bc4 16. Qd2 d5 17. exd5 Nfxd5 18. Nxd5 Nxd5 19. Bxd5 Bxd5 {0-1 (33) Predke,A (2530)-Kovalevskaya,E (2438) Moscow 2015}) 9... Bd7 10. Nb3 $146 ({Predecessor:} 10. Ndb5 h6 11. Bxf6 Bxf6 12. Nxd6 Nd4 13. Bd3 {1-0 (13) Ugrinovskiy,G (1707)-Jamison,L (1767) ICCF email 2016}) 10... a6 11. Kh1 {White is slightly better.} Rc8 12. f4 h6 13. Bh4 (13. Bxf6 $11 Bxf6 14. Qxd6) 13... b5 ({Black should try} 13... Nxe4 $15 14. Nxe4 (14. Bxe7 Nxc3 15. Bxd8 Nxd1 $15) 14... Bxh4) 14. Bg3 (14. Bxf6 $5 Bxf6 15. Qxd6 $14) 14... Qc7 15. Bf3 Rfd8 16. Qe2 Be8 17. Rad1 Na5 18. e5 (18. Nxa5 {looks sharper.} Qxa5 19. f5 e5 20. Bh4 Bc6 21. Bxf6 Bxf6 22. Nd5) 18... dxe5 19. fxe5 Nd5 $2 {[%mdl 8192] [#]} (19... Nh7 $11) 20. Bxd5 $18 exd5 $2 (20... b4) 21. Nxd5 (21. e6 $142 Qa7 22. Nxa5) 21... Rxd5 22. Rxd5 {Black must now prevent e6.} Qc4 (22... Nxb3 $16 23. cxb3 Qc2) 23. Qxc4 Nxc4 {[#]} 24. Rb1 $1 Bc6 25. Rdd1 Ne3 (25... f5 $16 26. Re1 Be4) 26. Rd2 Bg5 27. Re2 Be4 (27... Bd7 $16 28. Rd2 Be6) 28. Rbe1 ({White should play} 28. Nd4 $18) 28... Bxc2 (28... Bxg2+ $16 {is a better defense.} 29. Kg1 Bd5) 29. Nd4 Rc4 30. Nf3 ({Weaker is} 30. Rxe3 Bxe3 31. Nxc2 Bd2 $11) 30... Nf5 31. Nxg5 hxg5 32. Rc1 Nd4 33. Ree1 $2 (33. Rd2 $16) 33... Nb3 $11 {The position is equal.} 34. Kg1 Nxc1 35. Rxc1 Bb3 36. Rxc4 Bxc4 37. Kf2 Kf8 38. h4 {Precision: White = 28%, Black = 24%.} 1/2-1/2

[Event "Paris Pro-Biz Cup 2018"]
[Site "Paris"]
[Date "2018.06.25"]
[Round "1.6"]
[White "Kramnik&Phillipe"]
[Black "Mamedyarov&Bertola"]
[Result "0-1"]
[WhiteElo "2787"]
[BlackElo "2808"]
[Annotator "TA"]
[PlyCount "78"]
[EventDate "2018.06.23"]
[EventType "tourn"]
[EventCountry "FRA"]
[SourceTitle "playchess.com"]
[Source "ChessBase"]
[SourceQuality "1"]

{[%evp 9,78,-70,-16,-20,-27,-24,-12,-21,-10,-16,-12,-19,-15,-38,-21,-16,-1,-29,0,-49,-2,-67,-68,-47,-69,-256,-256,-494,-504,-723,-597,-767,-754,-947,-714,-1130,-1165,-1092,-770,-795,-785,-783,-789,-784,-778,-773,-762,-736,-724,-716,-274,-278,-278,-274,-276,-260,-250,-245,-251,-258,-261,-328,-210,-219,-222,-203,-204,-968,-940,-29986,-29987]} 1. e4 c5 2. Bc4 Nc6 3. a3 e6 4. Nf3 Nf6 (4... d5 5. exd5 exd5 6. Ba2 Nf6 7. O-O Bg4 8. c3 Be7 9. d3 O-O 10. Bg5 Ne5 11. Nbd2 Nxd3 {0-1 (27) Rukovci,S (2016)-Agdestein,S (2586) Drammen 2018}) 5. d3 a6 ({Better is} 5... d5 $15 6. exd5 exd5) 6. Nc3 {B20: Sicilian: Unusual White 2nd moves} d5 7. Ba2 Be7 8. exd5 {The position is equal.} exd5 9. Bg5 O-O 10. O-O h6 11. Bh4 Be6 $36 {[%mdl 2048] Black has good play.} 12. Re1 $146 ({Predecessor:} 12. h3 b5 13. Re1 {½-½ (24) Zafirovski,T-Kacakovski,D (2178) Skopje 2010}) 12... Re8 13. h3 Rc8 14. Ne5 (14. Bxf6 $5 Bxf6 {[#]} 15. Nxd5 $1 $11 {[%mdl 512]}) 14... Nd4 15. Ne2 (15. Nf3 $11) 15... Nf5 $15 {[%cal Bd4f5,Bf5d4,Bd4c2][%mdl 32]} 16. Bxf6 Bxf6 17. Nf4 $2 ({White should play} 17. d4 $1 $15) 17... Qd6 $19 18. Nf3 $2 (18. Nxe6 Bxe5 19. Nxg7 Nxg7 20. Qf3) 18... Qxf4 19. c4 dxc4 20. dxc4 Nd4 21. Re3 Rcd8 {Strongly threatening ...Bxh3!} 22. Qe1 Nc2 23. Re4 Nxe1 24. Rxf4 Nd3 25. Re4 Bf5 26. Rxe8+ Rxe8 27. Rd1 Nxb2 28. Rd2 Na4 29. Bb3 Rd8 $2 (29... Nc3 30. Kh2 Be6) 30. Rxd8+ Bxd8 31. Bxa4 {[%mdl 4096] Endgame KBB-KBN} Bf6 32. Bb3 Be6 33. Nd2 b5 34. cxb5 axb5 {White must now prevent ...Bxb3.} 35. Bc2 Bb2 36. a4 bxa4 37. Bxa4 c4 {[%cal Bc5c4,Bc4c3,Bc3c2][%mdl 32]} 38. Bb5 $2 (38. Kf1) 38... c3 {[#] Threatens to win with ...c2.} 39. Kf1 c2 {Precision: White = 28%, Black = 66%.} 0-1

[Event "Paris Pro-Biz Cup 2018"]
[Site "Paris"]
[Date "2018.06.25"]
[Round "2.1"]
[White "So&Roussel"]
[Black "Grischuk&Ros"]
[Result "0-1"]
[WhiteElo "2778"]
[BlackElo "2766"]
[Annotator "TA"]
[PlyCount "48"]
[EventDate "2018.06.23"]
[EventType "tourn"]
[EventCountry "FRA"]
[SourceTitle "playchess.com"]
[Source "ChessBase"]
[SourceQuality "1"]

{[%evp 18,48,22,14,18,8,35,-32,0,0,0,0,23,0,26,25,25,0,164,40,32,31,30,30,41,-739,-750,-693,-658,-635,-634,-1038,-1004]} 1. e4 e6 2. d4 d5 3. Nc3 Bb4 4. e5 Ne7 5. Nf3 c5 6. a3 Bxc3+ 7. bxc3 Nbc6 8. a4 Qa5 9. Bd2 c4 10. Be2 {LiveBook: 3 Games. C19: French: 3 Nc3 Bb4: Main line: 7 Nf3 and 7 a4} (10. Ng5 h6 11. Nh3 Bd7 12. Nf4 O-O-O 13. Nh5 Rh7 14. g3 Rf8 15. Bh3 f5 16. exf6 gxf6 17. O-O Ng8 {1-0 (33) Sethuraman,S (2631)-Puranik,A (2520) Sharjah 2018}) 10... h6 11. O-O Bd7 12. Bc1 $146 (12. Nh4 $14) ({Predecessor:} 12. Re1 O-O-O 13. g3 f5 14. exf6 gxf6 15. Bf1 Ng6 16. h4 h5 17. Nh2 e5 18. dxe5 fxe5 19. Bg5 Rdf8 20. Rb1 Be6 {1-0 (48) Anagnostopoulos,D (2455)-Dhar Barua,S (2248) London 2001}) 12... O-O-O 13. Ba3 Qxc3 14. a5 {Threatens to win with Bc5.} g5 15. h3 {[%cal Bh2h3,Bh3g4][%mdl 32]} Rhg8 16. Bc5 {Black must now prevent Qb1.} Nf5 $1 17. Re1 h5 $2 {[#]} ({Don't blunder} 17... Nxa5 $2 18. Qb1 $18 (18. Ra3 Qb2 $18)) (17... g4 $11 18. hxg4 Rxg4) 18. g4 (18. Qc1 $1 $18 Nb4 19. Ra3 Qxc2 20. Bxb4 Qxc1 21. Rxc1) 18... hxg4 $14 19. hxg4 Nh4 {White should prevent ...Nb4.} 20. Ra3 Qb2 21. Rb3 $2 {[%mdl 8192]} (21. Nxh4 $14 gxh4 22. Qb1 Qxb1 23. Rxb1) 21... cxb3 $19 {Black is clearly winning.} 22. cxb3 Kb8 23. b4 Nxb4 24. Bxb4 Qxb4 {Precision: White = 22%, Black = 42%.} 0-1

[Event "Paris Pro-Biz Cup 2018"]
[Site "Paris"]
[Date "2018.06.25"]
[Round "2.3"]
[White "Karjakin&Schramm"]
[Black "MVL&Betthaeuser"]
[Result "1-0"]
[WhiteElo "2782"]
[BlackElo "2789"]
[Annotator "TA"]
[PlyCount "53"]
[EventDate "2018.06.23"]
[EventType "tourn"]
[EventCountry "FRA"]
[SourceTitle "playchess.com"]
[Source "ChessBase"]
[SourceQuality "1"]

{[%evp 14,53,30,33,164,166,162,166,171,147,178,155,178,120,128,112,104,77,103,59,60,44,173,158,187,184,156,132,186,199,177,117,172,42,456,396,660,655,742,729,2386,2299]} 1. Nf3 c5 2. g3 d5 3. d4 cxd4 4. Nxd4 e6 5. Bg2 Bc5 (5... Nf6 6. O-O e5 7. Nb3 Nc6 8. Bg5 Be6 9. Nc3 d4 10. Ne4 Be7 11. Bxf6 gxf6 12. c3 Bd5 13. cxd4 exd4 14. e3 f5 15. Ned2 dxe3 16. fxe3 Bg5 17. e4 Bxb3 18. Nxb3 Qb6+ 19. Kh1 {1-0 (36) Andreikin,D (2743)-Dubov,D (2666) ICC INT 2016}) 6. Nb3 {D02: 1 d4 d5 2 Nf3 sidelines, including 2...Nf6 3 g3 and 2...Nf6 3 Bf4} Bb6 7. O-O Nf6 8. c4 {[%cal Bc2c4,Bc4c5][%mdl 32] LiveBook: 10 Games. White has an edge.} d4 $146 ({Black should try} 8... O-O $14) ({Predecessor:} 8... O-O 9. cxd5 Nxd5 10. Na3 Nc6 11. Nc4 Bc7 12. Qc2 Qe7 13. Rd1 Rd8 14. a3 a5 15. Nd4 Bd7 16. Ne3 Bb6 17. Nxd5 exd5 18. Be3 Rac8 19. Qb3 Bxd4 20. Bxd4 Qxe2 21. Bxd5 Nxd4 22. Bxf7+ {½-½ (26) Kopylov,M (2418)-Berelowitsch,A (2522) Werther 2002}) 9. c5 $18 Bc7 10. Nxd4 {[%cal Bb3d4,Bd4b5,Bb5d6][%mdl 32]} O-O 11. Nc3 Qe7 12. Ndb5 Be5 13. Na4 ({White should play} 13. Nd6 $18) 13... Rd8 $16 14. Qb3 Nc6 15. Be3 Ng4 16. Rfd1 Bd7 $1 17. Nd6 Na5 (17... b5 $14) 18. Qb4 $18 Bxa4 19. Qxa4 Nxe3 20. fxe3 Bxd6 (20... Qg5 $16 {was worth a try.}) 21. cxd6 Qg5 22. Rd3 (22. Qd4 $18) 22... Rab8 (22... Rac8 $16 23. b3 Qc5) 23. Rc1 (23. Rad1 $18) 23... b6 $2 {[%mdl 8192] [#]} (23... Rxd6 $1 $14 24. Qf4 Qxf4 25. gxf4 Rxd3 26. exd3 Nc6) 24. b4 Nb7 $2 (24... Rxd6 25. Rdc3 Nc4 26. Rxc4 Qxe3+ 27. Kh1 Rbd8) 25. d7 {White is clearly winning.} Nd6 26. Qxa7 Rb7 27. Bxb7 {Precision: White = 43%, Black = 29%.} 1-0

[Event "Paris Pro-Biz Cup 2018"]
[Site "Paris"]
[Date "2018.06.25"]
[Round "2.5"]
[White "Caruana&Kosciusko-Morizet"]
[Black "Aronian&Staune"]
[Result "0-1"]
[WhiteElo "2816"]
[BlackElo "2764"]
[Annotator "TA"]
[PlyCount "126"]
[EventDate "2018.06.23"]
[EventType "tourn"]
[EventCountry "FRA"]
[SourceTitle "playchess.com"]
[Source "ChessBase"]
[SourceQuality "1"]

{[%evp 12,126,34,51,67,64,71,64,73,57,55,0,0,0,0,-8,0,-37,-32,-56,-47,-62,-52,-79,-76,-97,-83,-89,-65,-66,-66,-63,-50,-37,-41,-69,-3,-16,-4,-133,44,60,154,66,135,136,139,126,259,158,148,122,127,0,138,26,20,0,0,0,0,0,0,-47,0,0,0,0,0,0,0,0,0,-11,0,0,0,0,51,51,51,51,58,-110,-112,-292,-288,-29992,-8,-23,-8,-56,0,0,241,-12410,-10135,-29985,-6245,-29959,-7056,-29985,-29986,-29986,-29962,-29962,-5887,-29986,-29968,-29946,-29944,-29985,-29965,-6737,-6654,-6311,-6307]} 1. e4 c5 2. Nf3 Nc6 3. Bb5 g6 4. Bxc6 dxc6 5. O-O Bg7 6. d3 Bg4 {B31: Sizilianisch (Rossolimo-Variante)} (6... b6 7. h3 e5 8. a3 a5 9. Nbd2 Qc7 10. Nc4 Be6 11. Be3 Bxc4 12. dxc4 Nf6 13. Nd2 O-O 14. Qe2 {0-1 (42) Nepomniachtchi,I (2717)-Mamedov,R (2637) Khanty-Mansiysk 2013}) 7. h3 {LiveBook: 17 Partien} Bd7 8. Nc3 Nf6 $146 {Weiß steht etwas besser.} ({Vorgänger:} 8... Qc7 9. Be3 b6 10. a4 a5 11. d4 cxd4 12. Bxd4 e5 13. Be3 Rd8 14. Qe2 {1-0 (25) Klein,K (2212)-Bierbach,U (1753) Ludwigshafen 2002}) 9. Re1 O-O 10. Be3 b6 11. d4 ({Besser ist} 11. Qd2 $14) 11... cxd4 $11 12. Bxd4 c5 13. Bxf6 Bxf6 14. e5 Bg7 15. Ne4 Bc6 16. Qe2 Qc7 17. Ng3 Rad8 18. Qe3 Bxf3 19. gxf3 Rd5 {[%cal Rg7e5]} 20. f4 Rfd8 21. Kg2 Qb7 22. Qf3 Qd7 23. Ne4 f5 (23... Qf5 $15) 24. Nc3 Rd4 25. e6 (25. Rad1 $11) 25... Qc7 $2 (25... Qe8 $17 26. Rad1 Rd2 27. Rxd2 Rxd2) 26. Nb5 $1 $14 {[%csl LRc7,LRd4]} Qc8 (26... Qb8 $14 27. Nxd4 Rxd4) 27. Nxd4 (27. Nxa7 $16 Qa6 28. Nc6) 27... Rxd4 (27... cxd4 $14 28. Rac1 Bf6) 28. Rad1 $16 Bf6 29. Rxd4 Bxd4 {[%mdl 4096] Endspiel KDT-KDL} (29... cxd4 $16 {ist wohl besser.} 30. Qe2 Qc7) 30. c3 Bf6 31. Qe3 Qc6+ 32. Qf3 (32. Kg3 $16) 32... Qa4 (32... Qc8 $11 {hält das Gleichgewicht.}) 33. Qa8+ (33. a3 $16) 33... Kg7 $11 34. Qf3 Qxa2 35. Re2 a5 36. Qd3 Qa4 37. Kg3 Qc6 {[%mdl 1024] Schwarz will ...Dh1 spielen. Schwarz hat Kompensation.} (37... Bh4+ $5 38. Kg2 Qxf4 $15) 38. Qf3 Qd6 39. Qe3 b5 40. Rd2 Qc6 41. Qf3 Qb6 42. Qd5 b4 43. cxb4 cxb4 44. b3 a4 (44... Qc7 $11) 45. bxa4 $14 {Droht stark a5.} b3 46. Qb5 $1 {[%cal Rb5b6]} Qxe6 47. Rd1 $2 (47. Re2 $14 {behält die Oberhand.} Qg8 48. a5) 47... b2 $17 48. a5 $2 (48. Rb1 $17) 48... Qe4 $19 {( -> ...Lh4+!)} 49. a6 $2 {[#]} (49. Qf1 $19) 49... Qc2 $2 (49... Bh4+ $1 {[%mdl 512] setzt Matt} 50. Kh2 (50. Kxh4 Qxf4#) 50... Qxf4+ 51. Kh1 Qf3+ 52. Kh2 Qxf2+ 53. Kh1 Qf3+ 54. Kh2 Bg3+ 55. Kg1 Qf2+ 56. Kh1 Qh2#) 50. Rf1 $1 $11 {Und a7 würde nun gewinnen.} Bd4 $36 {[%mdl 2048] Schwarz hat gut koordiniertes Spiel.} 51. Qb4 Bxf2+ ({Lieber} 51... Bc5 $15 52. Qb7 Kh6) 52. Rxf2 b1=Q $2 (52... Qd3+ $11 53. Rf3 b1=Q 54. Qxe7+ Kh6) 53. Rxc2 $4 {[%mdl 8192]} (53. Qxe7+ $18 Kh6 54. Rxc2 Qxc2 55. Qe3) 53... Qxb4 $18 {KD-KT} 54. Rc6 Qa4 (54... Qe1+ $142 55. Kh2 Qf2+ 56. Kh1 Qf1+ 57. Kh2 Qxf4+ 58. Kg1 Qg3+ 59. Kf1 Qf3+ 60. Ke1 Qxc6 61. Kd2 Qxa6 62. Ke3 Qa3+ 63. Ke2 Qxh3 64. Kd2 f4 65. Kc2 Qa3 66. Kd1 Qb2 67. Ke1 f3 68. Kf1 Qg2+ 69. Ke1 Qe2#) 55. Rb6 Qa5 (55... Kf7 $142 56. h4 Qd1 57. a7 Qg4+ 58. Kf2 Qxf4+ 59. Kg2 Qa4 60. h5 gxh5 61. Rb5 Kf6 62. Rb8 Qxa7 63. Rf8+ Kg6 64. Rg8+ Kf6 65. Rf8+ Kg5 66. Rd8 Qa2+ 67. Kf3 h4 68. Rd1 Qb3+ 69. Ke2 {[#]} Qxd1+ $1 {[%mdl 512]} 70. Kxd1 h3 71. Ke2 h2 72. Ke3 h1=Q 73. Kd4 f4 74. Kc3 f3 75. Kd4 f2 76. Kc5 f1=Q 77. Kb4 Qc6 78. Kb3 Qb1+ 79. Ka3 Qa8#) 56. Rc6 Qe1+ 57. Kf3 Qf1+ 58. Ke3 Qa1 (58... Qb5 $142 59. Rc2 Qxa6 60. Re2 Qa3+ 61. Kf2 Qxh3 62. Rxe7+ Kh6 63. Re2 Qh4+ 64. Kg1 Qxf4 65. Rc2 Qd4+ 66. Rf2 Kg5 67. Kh1 f4 68. Kg1 f3 69. Kh1 Kg4 70. Rf1 Kg3 71. Re1 Qh4+ 72. Kg1 Qh2+ 73. Kf1 Qh1#) 59. Re6 Kf7 60. Rc6 Qa4 61. Rb6 Qa5 62. Rc6 Qb5 63. Rc3 Qxa6 {Precision: Weiß = 32%, Schwarz = 39%.} 0-1

[Event "Paris Pro-Biz Cup 2018"]
[Site "Paris"]
[Date "2018.06.25"]
[Round "2.6"]
[White "Mamedyarov&Bertola"]
[Black "Anand&Mackart"]
[Result "1-0"]
[WhiteElo "2808"]
[BlackElo "2759"]
[Annotator "TA"]
[PlyCount "53"]
[EventDate "2018.06.23"]
[EventType "tourn"]
[EventCountry "FRA"]
[SourceTitle "playchess.com"]
[Source "ChessBase"]
[SourceQuality "1"]

{[%evp 10,53,88,40,100,100,93,102,102,89,90,81,107,123,149,138,141,138,134,137,154,137,181,204,181,185,206,214,301,200,324,295,368,368,523,442,456,440,1020,609,931,924,29980,29981,29997,29998]} 1. e4 c5 2. Nf3 Nc6 3. Bb5 g6 4. O-O Bg7 5. c3 {[%cal Bc2c3,Bc3d4,Bd4d5][%mdl 32]} Nh6 (5... Nf6 6. d3 O-O 7. h3 d6 8. Bxc6 bxc6 9. e5 Nd7 10. exd6 exd6 11. Bf4 Ne5 12. Re1 Re8 13. Bxe5 dxe5 14. Qa4 Qxd3 15. Qxc6 {½-½ (40) Fedoseev,V (2690)-Popov,I (2618) Sochi 2017}) 6. Re1 {LiveBook: 21 Partien. B31: Sizilianisch (Rossolimo-Variante)} f6 (6... f5 $14) 7. d4 $16 cxd4 8. cxd4 {Weiß steht besser.} Nf7 9. Nc3 O-O 10. Bf4 $146 ({Vorgänger:} 10. d5 Nb8 11. Be3 d6 12. Nd4 Na6 13. Ne6 Bxe6 14. dxe6 Ne5 15. f4 Nc6 16. Bxa6 bxa6 17. Qa4 Qc8 18. Nd5 Qb7 19. Qxc6 {1-0 (19) Kuderinov,K (2451)-Popov,D (2293) Kostanay 2013}) 10... d6 11. d5 Nb8 12. Rc1 Bg4 13. Be2 {[%cal Bb5e2,Be2f3,Bf3g4,Bg4e6,Be6f5][%mdl 32]} Bxf3 14. Bxf3 Nd7 15. Bg4 Nde5 16. Be6 Kh8 17. h4 a6 18. Ne2 {[%cal Bc3e2,Be2d4,Bd4e6][%mdl 32]} g5 (18... Qb6 $142 19. Be3 Qxb2) 19. Bxe5 Nxe5 (19... fxe5 {ist wohl besser.} 20. h5 Qa5) 20. Nd4 $18 gxh4 21. Bf5 Rg8 (21... Qe8 $142 22. f4 Nf7) 22. Ne6 Qe8 23. Rc3 Rc8 (23... Bh6 $142 24. Rh3 Rg6) 24. Rh3 Ng6 25. Qh5 {Droht stark Lxg6.} Nf8 26. Qxh4 h6 {[#]} 27. Qxh6+ $1 {[%mdl 512] Precision: Weiß = 63%, Schwarz = 28%.} 1-0

[Event "Paris Pro-Biz Cup 2018"]
[Site "Paris"]
[Date "2018.06.25"]
[Round "3.2"]
[White "Grischuk&Ros"]
[Black "Karjakin&Schramm"]
[Result "1-0"]
[WhiteElo "2766"]
[BlackElo "2782"]
[Annotator "TA"]
[PlyCount "47"]
[EventDate "2018.06.23"]
[EventType "tourn"]
[EventCountry "FRA"]
[SourceTitle "playchess.com"]
[Source "ChessBase"]
[SourceQuality "1"]

{[%evp 9,47,57,58,50,55,22,22,38,40,0,57,60,82,-16,91,-38,34,0,0,0,0,0,113,114,112,81,291,290,473,484,717,699,1274,1276,1893,1762,29992,29958,2810,2766]} 1. e4 b6 2. d4 Bb7 3. Nc3 g6 4. h4 (4. f4 Bg7 5. Nf3 d6 6. Bd3 Nd7 7. Be3 a6 8. O-O c5 9. Qe2 b5 10. Qf2 c4 11. Be2 b4 {0-1 (33) Muzychuk,M (2490)-Melia,S (2400) Batumi 2012}) 4... h5 5. Be3 Bg7 6. Nf3 $146 {B00: Queen's Fianchetto Defence, Nimzowitsch Defence} ({Predecessor:} 6. Qd2 e6 7. O-O-O d5 8. exd5 exd5 9. Nh3 Ne7 10. Nf4 Nd7 11. Be2 Nf6 {½-½ (35) Rodriguez Perez,D (2039)-Cuenca Jimenez,F (2193) Granada 2010}) 6... Nf6 7. Bd3 O-O 8. Qd2 {The position is equal.} Ng4 9. O-O-O Nc6 (9... c5 $1 $11) 10. Kb1 d6 11. Bc4 ({White should play} 11. d5 $16) 11... a6 (11... Na5 $11 12. Be2 c5) 12. Ne2 (12. Be2 $16) 12... e5 ({Better is} 12... Na5 $15 13. Bd3 c5) 13. d5 Ne7 14. Ng5 b5 15. Bd3 Qd7 {[#]} (15... Bh6 $11) 16. f3 $1 $16 {[%cal Rf3g4]} Nxe3 17. Qxe3 Nc8 $2 {[#]} (17... c6 $16 {keeps fighting.}) 18. g4 $1 $18 {[%mdl 512]} Bh6 $2 ({Of course not} 18... hxg4 $6 19. h5 $18) (18... c5 19. dxc6 Bxc6) 19. gxh5 gxh5 (19... Ne7 $142 20. Qg1 gxh5 21. Ne6+ Kh8 22. Nxf8 Rxf8) 20. Rdg1 {Threatens to win with Ne6+.} Bg7 21. Ng3 c6 22. Nxh5 {Nh7! would kill now.} Kh8 23. Ne6 fxe6 24. Rxg7 {Precision: White = 55%, Black = 25%.} 1-0